Statistics for Most illiterate countries in Africa 2014

Click here to take the quiz!

General Stats

  • This quiz has been taken 18 times
  • The average score is 8 of 10

Answer Stats

%Country% Correct
35Chad
94%
28Mali
94%
29Niger
94%
41Guinea
88%
27South Sudan
82%
42Benin
76%
29Burkina Faso
76%
35Sierra Leone
76%
39Senegal
65%
39Ethiopia
47%

Score Distribution

Percentile by Number Answered

Percent of People with Each Score

Your Score History

You have not taken this quiz